00397nam a22001217a 4500008004100000020001900041050002100060245007300081260004500154300002500199650003300224700001800257170207b xxu||||| |||| 00| 0 eng d a 9781891859014 aLB2331 .M34 1990 a147 practical tips for teaching professors/cEdited by Robert Magnan aMadison, Wis. :b Atwood Pub.,c ©1990. avi, 63p. :c 23 cm. a Pédagogie universitaire.  aRobert Magnan